Statistics for Top 15 Countries with Covid-19 Cases - 1 June

Click here to take the quiz!

General Stats

  • This quiz has been taken 22 times
  • The average score is 17 of 25

Answer Stats

country% Correct
France
100%
United Kingdom
100%
United States
100%
Italy
95%
Russia
95%
Spain
95%
India
89%
Germany
84%
Brazil
79%
Ireland
79%
Turkey
79%
Canada
74%
Mexico
74%
Sweden
74%
Iran
68%
Peru
68%
Belgium
63%
Chile
53%
Chile
53%
Qatar
37%
Switzerland
37%
Bahrain
32%
Kuwait
32%
Belarus
21%
Singapore
21%

Score Distribution

Percentile by Number Answered

Percent of People with Each Score

Your Score History

You have not taken this quiz